Prehľad štúdií zaoberajúcich sa vzájomným vzťahom medzi ekonomickým rastom a priamymi zahraničnými investíciami

Štúdie popisujúce vzájomný vzťah medzi ekonomickým rastom a priamymi zahraničnými investíciami.

Gespeichert in:
Bibliographische Detailangaben
1. Verfasser: Kováčiková, Petra
Format: Buchkapitel
Sprache:Slowakisch
Schlagworte:
Tags: Tag hinzufügen
Keine Tags, Fügen Sie das erste Tag hinzu!

MARC

LEADER 00000nla$a2200000$$$4500
001 0120220
005 20240502072339.1
041 0 |a slo 
044 |a SK 
245 1 0 |a Prehľad štúdií zaoberajúcich sa vzájomným vzťahom medzi ekonomickým rastom a priamymi zahraničnými investíciami  |c Petra Kováčiková 
520 |a Štúdie popisujúce vzájomný vzťah medzi ekonomickým rastom a priamymi zahraničnými investíciami. 
610 2 0 |a investície priame zahraničné 
610 2 0 |a rast hospodársky 
610 2 0 |a Európska únia 
100 1 |a Kováčiková, Petra